Las funciones urbanas para el desarrollo rural (FUDR) y la planificación regional /

Guardado en:
Bibliografiske detaljer
Hovedforfatter: Medina Miranda, Rolando
Format: Texto
Fag:
Tags: Tilføj Tag
Ingen Tags, Vær først til at tagge denne postø!

MARC

LEADER 00000 a a2200000 04500
001 1783
003
040
100 |a Medina Miranda, Rolando  
245 |a Las funciones urbanas para el desarrollo rural (FUDR) y la planificación regional /  |c Rolando Medina Miranda 
650 |a DESARROLLO RURAL  
650 |a PLANIFICACION REGIONAL  
650 |a ECONOMIA  
650 |a TEORIA ECONOMICA  
650 |a CRECIMIENTO ECONOMICO  
773 |g número 22; páginas 28-38  
999 |c 39163  |d 39163